000 00334nam a2200133Ia 4500
008 221007s9999 xx 000 0 und d
020 _a3543
041 _aeng
082 _a658
_bWIN
100 _aAlbright S C & Winston W L
_996910
245 _aPractical Management Science
260 _c2003
_bThomson
_aNew Delhi
906 _bGeneral
999 _c61372
_d61372